LEADER 02396oas 2200877 a 450 001 9910144902703321 005 20260218110414.0 011 $a1749-7221 035 $a(DE-599)ZDB2253037-X 035 $a(OCoLC)71839158 035 $a(CONSER) 2006243916 035 $a(CKB)1000000000238962 035 $a(DE-599)2253037-X 035 $a(EXLCZ)991000000000238962 100 $a20061004a20069999 sy 101 0 $aeng 135 $aurcn||||||||| 181 $ctxt$2rdacontent 182 $cc$2rdamedia 183 $acr$2rdacarrier 200 00$aJournal of brachial plexus and peripheral nerve injury 210 $aLondon $cBioMed Central$d2006- 210 31$aStuttgart, NY :$cThieme Medical Publishers 300 $aRefereed/Peer-reviewed 300 $aTitle from PDF caption (publisher's Web site, viewed Oct. 19, 2006). 517 1 $aJBP & PNI 531 10$aJ. brachial plexus peripher. nerve inj. 606 $aBrachial plexus$vPeriodicals 606 $aNerves, Peripheral$vPeriodicals 606 $aBrachial Plexus$xinjuries 606 $aPeripheral Nerve Injuries 606 $aNeurology$2ebps 606 $aBrachial plexus$2fast$3(OCoLC)fst00837411 606 $aNerves, Peripheral$2fast$3(OCoLC)fst01036068 608 $aPeriodical. 608 $aOnline resources. 608 $aPeriodicals.$2fast 615 0$aBrachial plexus 615 0$aNerves, Peripheral 615 12$aBrachial Plexus$xinjuries. 615 12$aPeripheral Nerve Injuries. 615 7$aNeurology. 615 7$aBrachial plexus. 615 7$aNerves, Peripheral. 712 02$aInternational Society for Brachial Plexus and Peripheral Nerve Injury 712 02$aBioMed Central Ltd. 801 0$bSCB 801 1$bSCB 801 2$bNLM 801 2$bOCLCQ 801 2$bHEBIS 801 2$bCUY 801 2$bDLC 801 2$bUKMGB 801 2$bOCLCQ 801 2$bCUS 801 2$bOCLCQ 801 2$bOCLCF 801 2$bNLM 801 2$bEUW 801 2$bOCLCQ 801 2$bOCLCO 801 2$bOCLCA 801 2$bWT2 801 2$bBUF 801 2$bOCLCQ 801 2$bAU@ 801 2$bOCLCA 801 2$bOCLCQ 801 2$bSRU 801 2$bOCLCL 801 2$bOCLCQ 906 $aJOURNAL 912 $a9910144902703321 996 $aJournal of brachial plexus and peripheral nerve injury$92292086 997 $aUNINA